Protein cơ sở của sự sống

Salvato in:
Dettagli Bibliografici
Autore principale: Lê Doãn Diên
Natura: Libro
Lingua:Undetermined
Pubblicazione: Hà Nội KHKT 1979
Soggetti:
Tags: Aggiungi Tag
Nessun Tag, puoi essere il primo ad aggiungerne! !
Thư viện lưu trữ: Trung tâm Học liệu Trường Đại học Cần Thơ
LEADER 00498nam a2200169Ia 4500
001 CTU_7926
008 210402s9999 xx 000 0 und d
082 |a 574.19245 
082 |b D562 
100 |a Lê Doãn Diên 
245 0 |a Protein cơ sở của sự sống 
245 0 |c Lê Doãn Diên, Lê Huy Thụy, Mỹ Xuyên 
260 |a Hà Nội 
260 |b KHKT 
260 |c 1979 
650 |a biochemistry,proteins 
980 |a Trung tâm Học liệu Trường Đại học Cần Thơ